Gopinath bardoloi Indian constitution and centre-Assam relations : (Record no. 585)
[ view plain ]
| 000 -LEADER | |
|---|---|
| fixed length control field | 00563cam a2200181ua 4500 |
| 008 - FIXED-LENGTH DATA ELEMENTS--GENERAL INFORMATION | |
| fixed length control field | 110412n ii |||gr||||Z||||||eng |
| 040 ## - CATALOGING SOURCE | |
| Transcribing agency | MAIN |
| 082 ## - DEWEY DECIMAL CLASSIFICATION NUMBER | |
| Classification number | 342.54 |
| 245 10 - TITLE STATEMENT | |
| Title | Gopinath bardoloi Indian constitution and centre-Assam relations : |
| Remainder of title | 1940-1950 / |
| Statement of responsibility, etc. | by Nirod K. Barooah |
| 250 ## - EDITION STATEMENT | |
| Edition statement | 1st. |
| 260 ## - PUBLICATION, DISTRIBUTION, ETC. | |
| Place of publication, distribution, etc. | Guwahati: |
| Name of publisher, distributor, etc. | Publication board Assam,990. |
| 300 ## - PHYSICAL DESCRIPTION | |
| Extent | 156p:0cm. |
| 700 ## - ADDED ENTRY--PERSONAL NAME | |
| Personal name | Barooah, Nirod K., |
| Relator term | |
| 942 ## - ADDED ENTRY ELEMENTS (KOHA) | |
| Koha item type | Books |
| 653 ## - INDEX TERM--UNCONTROLLED | |
| Uncontrolled term | Political science |
| 653 ## - INDEX TERM--UNCONTROLLED | |
| Uncontrolled term | Gopinath Bardoloi Indian constitution and centre-Assam relation |
| Withdrawn status | Lost status | Damaged status | Not for loan | Home library | Current library | Shelving location | Date acquired | Total Checkouts | Full call number | Barcode | Date last seen | Copy number | Price effective from | Koha item type |
|---|---|---|---|---|---|---|---|---|---|---|---|---|---|---|
| Naharkatiya College Library | Naharkatiya College Library | 19/09/2020 | 342.54 | BAR | 18842 | 19/09/2020 | 2 | 19/09/2020 | Books | ||||||
| Naharkatiya College Library | Naharkatiya College Library | 19/09/2020 | 342.54 | BAR | 566 | 19/09/2020 | 1 | 19/09/2020 | Books |
